Utah's original 6 counties - Statistics

General Stats
  • This quiz has been taken 3 times
  • The average score is 4 of 6
Answer Stats
Answer % Correct
Salt Lake
100%
Utah
100%
Weber
100%
Sanpete
50%
Tooele
50%
Iron
0%
No matching quizzes found
Score Distribution
Percent of People with Each Score
Percentile by Number Answered
Your Score History
You have not taken this quiz